Two 'L' Words by One Hint Quiz Stats

 Plays Quiz Updated Dec 12, 2017

Challenge
Share
Tweet
Embed
Score 0/20 Timer 04:00
0 Plays Today
% Correct
Lady Luck
95.9%
Lunch Lady
95.9%
Lemon Lime
95.7%
Lois Lane
95.6%
Long Lashes
95.1%
Lost Luggage
94.8%
Lex Luthor
93.9%
Lip Lock
92.1%
Little League
91.8%
Los Lobos
91.4%
% Correct
Labor Leader
90.9%
Liberal Left
89.4%
Loretta Lynn
89.3%
La Liga
87.4%
Lounge Lizard
83.5%
Louisville Lip
80%
Lisa Lopes
71.7%
Larry Linville
71.4%
Leg Lamp
71%
Lancelot Link
66%

You're not logged in!

Compare scores with friends on all Sporcle quizzes.
OR
Log In

You Might Also Like...

Show Comments

Extras

Top Quizzes Today


Score Distribution

Your Account Isn't Verified!

In order to create a playlist on Sporcle, you need to verify the email address you used during registration. Go to your Sporcle Settings to finish the process.

Report this User

Report this user for behavior that violates our Community Guidelines.

Details: